| 000 | 00471nam a22001577a 4500 | ||
|---|---|---|---|
| 999 |
_c9339 _d9339 |
||
| 008 | 210405b ||||| |||| 00| 0 eng d | ||
| 040 | _aBMS College of Architecture | ||
| 100 | _aShankar, Reshma | ||
| 245 | _aThe entertainment center | ||
| 300 | _aNA | ||
| 500 | _a96GBEA1029 | ||
| 502 |
_8B.Arch _NBMS College of Architecture, Visvesvaraya Technological University _aProject report _d2003 |
||
| 650 | _aNA | ||
| 700 |
_aVaseem Anjum Sheriff _eGuide |
||
| 942 |
_2ddc _cTHE |
||